Intrastat
Intrastat - základný význam a pojmy. Extrastat. Predmet hlásení Intrastat. Legislatívna úprava systému Intrastat. Tovar na účely systému Intrastat. Vznik a plnenie spravodajskej povinnosti. Triangulárny a trojstranný obchod. Nepriamy vývoz a dovoz.
Gespeichert in:
| 1. Verfasser: | |
|---|---|
| Format: | Buchkapitel |
| Sprache: | Slowakisch |
| Schlagworte: | |
| Tags: |
Keine Tags, Fügen Sie das erste Tag hinzu!
|
MARC
| LEADER | 00000naa a2200000 4500 | ||
|---|---|---|---|
| 001 | 0179742 | ||
| 005 | 20231114111924.1 | ||
| 041 | 0 | |a slo | |
| 044 | |a SK | ||
| 245 | 1 | 0 | |a Intrastat |c Beáta Jarošová |
| 520 | |a Intrastat - základný význam a pojmy. Extrastat. Predmet hlásení Intrastat. Legislatívna úprava systému Intrastat. Tovar na účely systému Intrastat. Vznik a plnenie spravodajskej povinnosti. Triangulárny a trojstranný obchod. Nepriamy vývoz a dovoz. | ||
| 610 | 2 | 0 | |a obchod |
| 610 | 2 | 0 | |a štatistika |
| 610 | 2 | 0 | |a informácie štatistické |
| 610 | 2 | 0 | |a Európska únia |
| 100 | 1 | |a Jarošová, Beáta | |